LEADER 01743nam2-2200469---450- 001 990005971830203316 005 20141021103349.0 010 $a978-88-15-10628-5 035 $a000597183 035 $aUSA01000597183 035 $a(ALEPH)000597183USA01 035 $a000597183 100 $a20101223d20022005km-y0itay0103----ba 101 0 $aita 102 $aIT 105 $aa|||||||001yy 200 1 $a<<2. :>> Dal XVIII secolo ai nostri giorni$fRondo Cameron, Larry Neal$g[traduzione di Giovanni Arganese] 210 $aBologna$cIl Mulino$d2002 (ristampa 2005) 215 $aVI, 258-648 p.$cill.$d22 cm 225 2 $a<> vie della civiltà 410 0$12001$a<> vie della civiltà 454 1$12001$a<> concise economic history of the world from paleolithic times to the present$917594 461 1$1001000335880$12001$aStoria economica del mondo 606 0 $aEconomia$xStoria$2BNCF 676 $a330.9 700 1$aCAMERON,$bRondo$0437316 701 1$aNEAL,$bLarry$0269366 702 1$aARGANESE,$bGiovanni 801 0$aIT$bsalbc$gISBD 912 $a990005971830203316 951 $a330.9 CAM 2 /2 (sarà 330.9 CAM 3 2c)$b18252 EC.$c330.9 CAM 2 /$d00229636 951 $a330.9 CAM 3 2$b21182 EC.$c330.9 CAM 3/$d358124 951 $a330.9 CAM 3 2b$b18329 EC.$c330.9 CAM 2 /$d00260053 951 $a330.9 CAM 3 2a$b21183 EC.$c330.9 CAM 2 /$d358111 959 $aBK 969 $aECO 979 $aFIORELLA$b90$c20141020$lUSA01$h1439 979 $aFIORELLA$b90$c20141020$lUSA01$h1444 979 $aFIORELLA$b90$c20141021$lUSA01$h1033 979 $aFIORELLA$b90$c20141021$lUSA01$h1033 996 $aConcise economic history of the world from paleolithic times to the present$917594 997 $aUNISA LEADER 02285nam0 22004573i 450 001 VAN00183274 005 20240806101108.831 017 70$2N$a9783319637334 100 $a20210715d2017 |0itac50 ba 101 $aeng 102 $aCH 105 $a|||| ||||| 200 1 $aClassical and Quantum Aspects of Gravity in Relation to the Emergent Paradigm$eDoctoral Thesis accepted by Jawaharlal Nehru University, Pune, India$fSumanta Chakraborty 210 $aCham$cSpringer$d2017 215 $axxi, 263 p.$cill.$d24 cm 410 1$1001VAN00104193$12001 $aSpringer theses$erecognizing outstanding Ph.D. research$1210 $aBerlin$cSpringer$d2010- 500 1$3VAN00183285$aClassical and Quantum Aspects of Gravity in Relation to the Emergent Paradigm$91825418 606 $a81V17$xGravitational interaction in quantum theory [MSC 2020]$3VANC036151$2MF 606 $a83-XX$xRelativity and gravitational theory [MSC 2020]$3VANC023243$2MF 606 $a83C45$xQuantization of the gravitational field [MSC 2020]$3VANC023588$2MF 606 $a83Fxx$xCosmology [MSC 2020]$3VANC023580$2MF 610 $aBlack Hole Information Loss Paradox$9KW:K 610 $aConnection of Gravity and Thermodynamics$9KW:K 610 $aEmergent Paradigm of Gravity$9KW:K 610 $aHawking Radiation$9KW:K 610 $aHigher Curvature Theories of Gravity$9KW:K 610 $aLanczos-Lovelock Models of Gravity$9KW:K 610 $aNull Surfaces$9KW:K 610 $aTwo-dimensional Spacetime$9KW:K 610 $aZero Point Length$9KW:K 620 $aCH$dCham$3VANL001889 700 1$aChakraborty$bSumanta$3VANV164226$0818839 712 $aSpringer $3VANV108073$4650 801 $aIT$bSOL$c20241115$gRICA 856 4 $uhttp://doi.org/10.1007/978-3-319-63733-4$zE-book ? Accesso al full-text attraverso riconoscimento IP di Ateneo, proxy e/o Shibboleth 899 $aBIBLIOTECA DEL DIPARTIMENTO DI MATEMATICA E FISICA$1IT-CE0120$2VAN08 912 $fN 912 $aVAN00183274 950 $aBIBLIOTECA DEL DIPARTIMENTO DI MATEMATICA E FISICA$d08DLOAD e-book 3061 $e08eMF3061 20210715 996 $aClassical and Quantum Aspects of Gravity in Relation to the Emergent Paradigm$91825418 997 $aUNICAMPANIA